Religion Quiz

Random Religion or Bible Quiz

Psalm 23 in Order Quiz Stats

Quiz Updated Oct 2, 2015

Challenge
Share
Tweet
Embed
Score 0/118 Timer 05:00
0 Plays Today
Words in Order % Correct
The
99.3%
Lord
96.3%
is
95.5%
my
95.1%
shepherd;
94.1%
I
93.2%
shall
92.7%
not
92.4%
want.
89.4%
He
88.1%
me
81%
maketh
76.7%
lie
70.6%
in
69.9%
down
69.9%
green
69.7%
pastures:
69.5%
he
68.5%
me
64.4%
leadeth
63.6%
to
63.3%
beside
58.9%
waters.
58.8%
still
58.3%
He
57.5%
my
53.9%
soul:
53.2%
restoreth
52.6%
the
49.7%
he
49.4%
me
44.2%
the
44.1%
I
44.1%
walk
43.9%
of
43.9%
through
43.8%
valley
43.8%
the
43.6%
leadeth
43.4%
shadow
43.3%
Words in Order % Correct
of
43.3%
I
43.3%
death,
43.2%
though
43.2%
no
42.7%
will
42.6%
Yea,
42.5%
fear
42.5%
evil:
42.5%
for
41.6%
of
41.1%
his
41%
paths
40.9%
me;
40.9%
thou
40.8%
with
40.7%
for
40.7%
art
40.7%
in
40.5%
sake.
40.4%
and
40.4%
thy
40.3%
rod
40.3%
righteousness
40.3%
name's
40.1%
staff
39.6%
thy
39.5%
me.
39.3%
comfort
39.1%
they
38.8%
Thou
36.7%
the
36.1%
a
35.3%
table
35.1%
before
34.8%
mine
34.8%
me
34.7%
preparest
34.6%
the
34.6%
of
34.4%
Words in Order % Correct
enemies:
34.3%
in
34.3%
presence
34.1%
Thou
33.1%
my
32.3%
I
32%
my
32%
cup
32%
will
31.8%
runneth
31.8%
head
31.7%
the
31.7%
with
31.7%
for
31.7%
and
31.7%
the
31.7%
in
31.6%
oil;
31.6%
Surely
31.5%
and
31.5%
goodness
31.5%
dwell
31.4%
of
31.4%
house
31.4%
shall
31.3%
Lord
31.3%
anointest
31.3%
me
31.3%
mercy
31.2%
the
31.2%
all
31.1%
follow
31.1%
my
31.1%
days
31.1%
of
31%
life:
31%
over.
25.6%
ever.
25.1%

You're not logged in!

Compare scores with friends on all Sporcle quizzes.
Sign Up with Email
OR
Log In

You Might Also Like...

Show Comments

Extras

Top Quizzes Today


Score Distribution

Your Account Isn't Verified!

In order to create a playlist on Sporcle, you need to verify the email address you used during registration. Go to your Sporcle Settings to finish the process.